Tôi biết là em đó bé ơi /

Đã lưu trong:
Sonraí Bibleagrafaíochta
Príomhúdar: Fet, Afanasy Afanasievich.
Údair Eile: Nguyệt Vũ (Dịch.)
Formáid: Bài viết
Teanga:Vietnamese
Ábhair:
Clibeanna: Cuir Clib Leis
Gan Chlibeanna, Bí ar an gcéad duine leis an taifead seo a chlibeáil!
Thư viện lưu trữ: Thư viện Trường Đại học Đà Lạt
LEADER 00791nam a2200277 4500
001 DLU120144242
005 ##20121128
040 # # |a DLU  |b vie 
041 # # |a vie 
044 # # |a vn 
100 # # |a Fet, Afanasy Afanasievich. 
245 # # |a Tôi biết là em đó bé ơi /  |c Afanasy Afanasievich Fet, Nguyệt Vũ dịch. 
653 # # |a Niềm tin 
653 # # |a Sức mạnh 
653 # # |a Tình yêu 
700 # # |a Nguyệt Vũ,   |e Dịch. 
773 # # |t Văn học nước ngoài  |g Số 9(93), 2010, tr. 125 
920 # # |a Phòng Tạp chí -- Trung tâm Thông tin - Thư viện Trường Đại học Đà Lạt 
994 # # |a DLU 
900 # # |a True 
911 # # |a Nguyễn Thị Linh Chi 
925 # # |a G 
926 # # |a A 
927 # # |a BB 
980 # # |a Thư viện Trường Đại học Đà Lạt